000 00343 a2200157 4500
001 181530
020 _a
040 _cMagnum
100 _aObata, Regina
240 1 0 _aA linguagem das cem flores
_lpor
245 1 0 _aA linguagem das cem flores
362 0 _a1899
440 1 _aCĂ­rculo do Livro
697 _aMAGNITO: GERAL
942 _cBK
999 _c181530
_d181530